EU Candidates - Statistics

General Stats
  • This quiz has been taken 22 times
  • The average score is 8 of 10
Answer Stats
Date of Candidacy Country % Correct
Dec 2022 Bosnia and Herzegovina
94%
Dec 1999 Turkey
94%
Dec 2010 Montenegro
88%
Dec 2005 North Macedonia
88%
June 2014 Albania
81%
Potential Georgia
81%
June 2022 Moldova
81%
Mar 2012 Serbia
81%
Potential Kosovo
75%
June 2022 Ukraine
69%
No matching quizzes found
Score Distribution
Percent of People with Each Score
Percentile by Number Answered
Your Score History
You have not taken this quiz